La caligrafia y grafologia de Ruben Dario / (Record no. 23678)

MARC details
000 -LEADER
fixed length control field 01258cam a22003255i 4500
001 - CONTROL NUMBER
control field sjds19695953
003 - CONTROL NUMBER IDENTIFIER
control field sjds
005 - DATE AND TIME OF LATEST TRANSACTION
control field 20200113174734.0
008 - FIXED-LENGTH DATA ELEMENTS--GENERAL INFORMATION
fixed length control field 170608s2016 nq hc 000 0 spa
010 ## - LIBRARY OF CONGRESS CONTROL NUMBER
LC control number 2017386177
020 ## - INTERNATIONAL STANDARD BOOK NUMBER
International Standard Book Number 9789996434068
040 ## - CATALOGING SOURCE
Original cataloging agency DLC
Language of cataloging eng
Description conventions rda
Transcribing agency DLC
041 ## - LANGUAGE CODE
Language code of text/sound track or separate title spa
042 ## - AUTHENTICATION CODE
Authentication code pcc
050 00 - LIBRARY OF CONGRESS CALL NUMBER
Classification number PQ7519.D3
Item number Z5977 2016
100 1# - MAIN ENTRY--PERSONAL NAME
Personal name Castillo-Valle, Julio,
Relator term author,
-- editor.
245 10 - TITLE STATEMENT
Title La caligrafia y grafologia de Ruben Dario /
Statement of responsibility, etc. compilacion e introduccion de Julio Valle-Castillo.
260 ## - PUBLICATION, DISTRIBUTION, ETC. (IMPRINT)
Place of publication, distribution, etc. Managua, Nicaragua :
Name of publisher, distributor, etc. Fondo Cultural Caruna, R.L., Dario y Sandino
Date of publication, distribution, etc. c2016
264 #1 - PRODUCTION, PUBLICATION, DISTRIBUTION, MANUFACTURE, AND COPYRIGHT NOTICE
Place of production, publication, distribution, manufacture Managua, Nicaragua :
Name of producer, publisher, distributor, manufacturer Fondo Cultural Caruna, R.L., Dario y Sandino,
Date of production, publication, distribution, manufacture, or copyright notice [2016]
264 #4 - PRODUCTION, PUBLICATION, DISTRIBUTION, MANUFACTURE, AND COPYRIGHT NOTICE
Date of production, publication, distribution, manufacture, or copyright notice c2016
300 ## - PHYSICAL DESCRIPTION
Extent XII, 115 pages :
Other physical details chiefly facsimiles, portraits ;
Dimensions 27 cm
336 ## - CONTENT TYPE
Content type term text
Content type code txt
Source rdacontent
337 ## - MEDIA TYPE
Media type term unmediated
Media type code n
Source rdamedia
338 ## - CARRIER TYPE
Carrier type term volume
Carrier type code nc
Source rdacarrier
500 ## - GENERAL NOTE
General note "A 100 anos de su paso a la inmortalidad y a 150 anos de sus nacimiento."
500 ## - GENERAL NOTE
General note "Fondo Cultural Dario y Sandino, de CARUNA, R.L."--Page 4 of cover.
600 10 - SUBJECT ADDED ENTRY--PERSONAL NAME
Personal name Dario, Ruben,
Dates associated with a name 1867-1916
Form subdivision Autographs.
942 ## - ADDED ENTRY ELEMENTS (KOHA)
Koha item type Libro/Book
Source of classification or shelving scheme Dewey Decimal Classification
Holdings
Withdrawn status Lost status Damaged status Not for loan Home library Current library Shelving location Date acquired Inventory number Total Checkouts Full call number Barcode Date last seen Date checked out Price effective from Koha item type
        San Juan Del Sur -- Biblioteca San Juan Del Sur -- Biblioteca General Stacks 09/03/2018 Inventory date: 15-5-25 1 AD Dar 30008599 30/01/2023 03/01/2023 09/03/2018 Libro/Book

Powered by Koha